| 000 | 01269 a2200205 4500 | ||
|---|---|---|---|
| 003 | Nust | ||
| 005 | 20220720122526.0 | ||
| 010 | _a 88032435 | ||
| 020 | _a0135368146 | ||
| 040 | _cNust | ||
| 082 | 0 | 0 | _a003,DEC |
| 100 | 1 |
_aDeCarlo, Raymond A., _973627 |
|
| 245 | 1 | 0 |
_aLinear systems : _ba state variable approach with numerical implementation / _cRaymond A. DeCarlo. |
| 260 |
_aEnglewood Cliffs, N.J. : _bPrentice Hall, _cc1989. |
||
| 300 |
_axv, 495 p. : _bill. ; _c25 cm. |
||
| 505 | _aBasic Concepts, Vocabulary and Notational (Page-1), State Models (Page-23), Linear State Models for Lumped Systems (Page-34), State Models from Ordinary Differential Equations (Page-50), State Models from Ordinary Differential Equations II (Page-64), introduction to numerical Computation and Gaussian Elimination (Page-86), Newton-Raphson Techniques (Page-106), Digital simulation of State Models (Page-117), Linear Discrete –Time State Models: Basic and Parallels With Continuous Time case (Page-141), Existence and Uniqueness of State Trajectories (Page-157), The solution of x(f) = and The state Transition Matrix (Page-173), The Disturbance Decoupling Problem (Page-474) | ||
| 650 | 0 | _aLinear systems. | |
| 650 | 0 |
_aState-space methods. _994036 |
|
| 942 |
_cREF _2ddc |
||
| 999 |
_c174714 _d174714 |
||